Creating picture with Calligraphy

Bibliographic Details
Main Author: VINCE, John
Format: Book
Published: United Kingdom : Promotional Reprint Company , 1992
Subjects:

MARC

LEADER 00000cam a2200000 7i4500
001 0000002482
002 000002705
005 20000330.0
020 |a 1856480461 
090 0 0 |a 745.6   |b VIN 
100 1 |a VINCE, John 
245 1 0 |a Creating picture with Calligraphy   |c John Vince 
260 |a United Kingdom :   |b Promotional Reprint Company ,   |c 1992 
300 |a 159p. :   |b ill ;   |c 30cm. 
650 0 0 |a Calligraphy 
999 |a 036158   |b BUKU   |c PINJAMAN   |e PERPUSTAKAAN KOMUNITI PETALING JAYA